Skylines weltweit - Statistiken

Allgemein
  • Dieses Quiz wurde 72 mal gespielt
  • Das Durchschnittsergebnis liegt bei 5 aus 16
Antwortstatistiken
Bildquiz Antwort % Korrekt
Paris
97%
Sydney
84%
Frankfurt am Main
59%
Tokio
58%
Shanghai
55%
New York City
50%
Los Angeles
30%
Mailand
22%
Moskau
20%
Seoul
17%
Rotterdam
16%
Oslo
13%
Vancouver
8%
Johannesburg
6%
Dallas
5%
Buenos Aires
3%
Keine übereinstimmenden Quizze gefunden
Verteilung der Resultate
Anzahl Personen mit jedem Resultat
Perzentil nach korrekt beantworteten Fragen
Ihre Resultats-Entwicklung
Sie haben dieses Quiz noch nicht gespielt